000
00265nam a22001097a 4500
008
160520b xxu||||| |||| 00| 0 eng d
020
_a
0471400610
041
_a
eng
080
_a
339
245
_a
Tourism:
_c
Charles R. Goeldner; J. R. Brent Ritchie;
942
_2
udc
_c
BK
999
_c
2311
_d
2311